000 00589nam a2200217Ia 4500
003 OSt
005 20220925214800.0
006 a|||||r|||| 00| 0
007 ta
008 220923b |||||||| |||| 00| 0 eng d
037 _cGeneral Book
040 _aRTL
_cRTL
_beng
041 _2eng
_aeng
082 _aXz7, J2/SC
100 _aROBERTSON D H
_9126990
245 0 _aUtility and all that and other essays.
260 _aLondon
_bGeorge Allen & Unwin
_c1952
300 _a206p.
_ccm.
942 _hXz7, J2/SC
_cGB
_2CC
999 _c566641
_d566641